000 00858nam0a2200277 i 4500
001 RU\NLR\bibl\2022280
005 20240723100546.0
010 _a9785872595793
_9220
021 _aRU
_b2013-21893
_91542
035 _a(NLR Aleph) 002010474
090 _a4454416
_c4454416
100 _a20130410d2011 u y0rusy50 ca
101 0 _arus
102 _aRU
105 _aa |||||||||
200 1 _aСевер на юге... наизнанку
_eстихи
_fРоман Михалюк
210 _aРостов-на-Дону
_cКнига
_d2011
215 _a111 с.
_cил.
_d22
686 _aШ6(2=Р)8-5
700 1 _aМихалюк
_bР. Г.
_f1975-
_gРоман Григорьевич
_4070
801 0 _aRU
_bNLR
_c20130410
_gRCR
801 1 _aRU
_bNLR
_c20130410
942 _cBOOK
980 _aNBR